00385cam a22000977a 4500008004000000082001100040245013700051260003500188300001100223700005300234180718b1958 xxu||||| |||| 00| 0 eng d aL6 Un3 aReclassification of government expenditures and receipts in selected countriescby Department of Economic and Social Affairs, U.S.A. aNew YorkbUnited Nationsc1958 a124+p. aU.S.A. Department of Economic and Social Affairs